| 000 | 01735cam a2200277 4500 | ||
|---|---|---|---|
| 001 | sa 68006762 | ||
| 003 | DLC | ||
| 005 | 20260227112518.0 | ||
| 008 | 910910m19651982ii b 001 0 arar | ||
| 010 | _asa 68006762 | ||
| 040 |
_aDLC _cDLC _dDLC |
||
| 050 | 0 | 0 |
_aBP135.2 _b.M5 |
| 082 | 0 | 0 |
_a297/.124 _219 |
| 100 | 1 |
_aMizzī, Yūsuf ibn al-Zakī ʻAbd al-Raḥmān, _d1256-1341. |
|
| 245 | 1 | 0 |
_aTuḥfat al-ashrāf bi-maʻrifat al-aṭrāf, li-Jamāl al-Dīn Abī al-Ḥajjāj Yūsuf ibn al-Zakī ʻAbd al-Raḥmān ibn Yūsuf al-Mizzī. _bMaʻa al-Nukat al-ẓirāf ʻalá al-aṭrāf, taʻlīqāt Ibn Ḥajar al-ʻAsqalānī. Ṣaḥḥaḥahu wa-ʻallaqa ʻalayhi ʻAbd al-Ṣamad Sharaf al-Dīn. |
| 260 |
_aBhīwandī : _bal-Dār al-Qayyimah, _c1965-1982. |
||
| 300 |
_a13 v. ; _c26 cm. |
||
| 500 | _aIntrod. in English. | ||
| 500 | _aTitle on added t.p.: Tuḥfatuʼl-ashrāf bi maʻrifatiʼl-aṭrāf. | ||
| 504 | _aIncludes bibliographies and indexes. | ||
| 505 | 0 | _ajuzʼ 1. Abyaḍ ibn Jamāl, Anas ibn Mālik -- juzʼ 2. Ihbān Jawdān -- juzʼ 3. Ḥābis al-Tamīmī, Saʻd ibn Muʻādh -- juzʼ 4. Saʻd Mūlay Abī Bakr, ʻAbd Allāh ibn ʻAbbās -- juzʼ 5. ʻAbd Allāh ibn ʻAbbās, ʻAbd Allāh ibn ʻUmar -- juzʼ 6. ʻAbd Allāh ibn ʻUmar, ʻAbd Allāh ibn Mālik -- juzʼ 7. ʻAbd Allāh ibn Masʻūd, ʻAmārah ibn Shubayb -- juzʼ 8. ʻUmar ibn al-Ḥakam, al-Muhājjir ibn Qunfudh -- juzʼ 9. Nājiyah, Abū Hurayrah -- juzʼ 10. Abū Hurayrah. | |
| 650 | 0 |
_aHadith _xEarly works to 1800. |
|
| 700 | 2 | _aSharaf al-Dīn, ʻAbd al-Ṣamad. | |
| 700 | 2 | 2 |
_aIbn Ḥajar al-ʻAsqalānī, Aḥmad ibn ʻAlī, _d1372-1449. _tNukat al-ẓirāf. _f1965. |
| 740 | 0 | _aTuḥfatuʼl-ashrāf bi maʻrifatiʼl-aṭrāf. | |
| 999 |
_c81511 _d81511 |
||